[Event "South America-ch U12 16th"]
[Site "Buenos Aires"]
[Date "2019.12.02"]
[Round "3.10"]
[White "Payba, Joaquin"]
[Black "Arias Diaz, Miguel Angel"]
[Result "0-1"]
[WhiteElo "1264"]
[BlackElo "1590"]
[PlyCount "92"]
[EventDate "2019.12.01"]
[EventType "swiss"]
[EventRounds "9"]
[EventCountry "ARG"]
[SourceTitle "EXT 2024"]
[Source "ChessBase"]
[SourceDate "2023.10.10"]
[SourceVersion "1"]
[SourceVersionDate "2023.10.10"]
[SourceQuality "1"]

1. d4 Nf6 2. Nf3 g6 3. Bf4 Bg7 4. Nc3 0-0 5. Qd2 d6 6. h4 Nc6 7. Bh6 Bf5 8. Bxg7 Kxg7 9. d5 Nb4 10. Nd4 Qd7 11. a3 Nbxd5 12. Nxf5+ Qxf5 13. e4 Nxe4 14. Qxd5 Qxf2+ 15. Kd1 Ng3 16. Ne4 Nxf1 17. Qd3 Ne3+ 18. Kc1 Qxg2 19. Re1 Nf5 20. Kb1 Qh2 21. Ka2 Qf4 22. h5 Rad8 23. Qc3+ Qe5 24. Qxc7 Qd5+ 25. b3 Rc8 26. c4 Rxc7 27. cxd5 Rc2+ 28. Kb1 Rfc8 29. Ra2 Rxa2 30. Kxa2 Nd4 31. a4 Rc2+ 32. Ka3 Re2 33. Rxe2 Nxe2 34. hxg6 Kxg6 35. b4 Kf5 36. Nd2 Ke5 37. b5 Kxd5 38. Kb4 h5 39. Nb3 h4 40. Na5 h3 41. Nxb7 h2 42. a5 h1Q 43. b6 Qb1+ 44. Ka4 Nc3+ 45. Ka3 Kc4 46. Nc5 Qa1# 0-1

[Event "Villa Ballester op 69th"]
[Site "Villa Ballester"]
[Date "2019.01.20"]
[Round "4"]
[White "Asprelli, Gaspar"]
[Black "Payba, Joaquin"]
[Result "1-0"]
[WhiteElo "1942"]
[BlackElo "1075"]
[PlyCount "103"]
[EventDate "2019.01.16"]
[EventType "swiss"]
[EventRounds "9"]
[EventCountry "ARG"]
[SourceTitle "CBM 188 Extra"]
[Source "ChessBase"]
[SourceDate "2019.02.26"]
[SourceVersion "1"]
[SourceVersionDate "2019.02.26"]
[SourceQuality "1"]

1. e4 e5 2. d4 d6 3. Nf3 Nc6 4. Bb5 Bd7 5. Bxc6 Bxc6 6. d5 Bb5 7. a4 Ba6 8. b4 b6 9. b5 Bc8 10. c4 h6 11. Nc3 g5 12. a5 Bg4 13. h3 Bh5 14. Be3 Ne7 15. axb6 axb6 16. Ra6 Bg7 17. g4 Bg6 18. h4 f6 19. h5 Bf7 20. Qa4 0-0 21. Nd2 Qb8 22. Ke2 Rxa6 23. bxa6 Be8 24. a7 Qa8 25. Qa3 Nc8 26. Ra1 Rf7 27. Qa6 c6 28. Qxc8 Qxc8 29. a8Q Qxa8 30. Rxa8 Kf8 31. Rb8 Ke7 32. Rxb6 Rf8 33. Rb7+ Kd8 34. Rxg7 Bf7 35. Nb5 Kd7 36. Nb3 Ke7 37. Nc5 Rh8 38. Rxf7+ Kxf7 39. Nxd6+ Ke7 40. Nf5+ Kf7 41. Nb7 Rb8 42. Nxh6+ Ke8 43. Nc5 Kd8 44. Nf5 Rb2+ 45. Kf3 Kc7 46. h6 Rb4 47. Ne6+ Kd7 48. c5 Rb2 49. dxc6+ Kc8 50. Nd6+ Kb8 51. c7+ Ka8 52. c8Q+ 1-0

[Event "Villa Martelli ProAm op 24th"]
[Site "Villa Martelli"]
[Date "2017.10.04"]
[Round "5"]
[White "Katopodis, Santiago"]
[Black "Payba, Joaquin"]
[Result "1-0"]
[WhiteElo "1485"]
[BlackElo "1100"]
[PlyCount "105"]
[EventDate "2017.10.01"]
[EventType "swiss"]
[EventRounds "9"]
[EventCountry "ARG"]
[SourceTitle "CBM 181 Extra"]
[Source "ChessBase"]
[SourceDate "2017.12.12"]
[SourceVersion "1"]
[SourceVersionDate "2017.12.12"]
[SourceQuality "1"]

1. e4 e5 2. Nf3 Nc6 3. Bb5 Nf6 4. Nc3 Bc5 5. d3 Nd4 6. Nxd4 exd4 7. Ne2 c6 8. Bc4 b5 9. Bb3 a5 10. c4 bxc4 11. Bxc4 a4 12. 0-0 d5 13. exd5 cxd5 14. Bb5+ Bd7 15. Bxd7+ Qxd7 16. Re1 0-0 17. Bd2 Qf5 18. Rc1 Rac8 19. Ba5 Ng4 20. Rf1 Rfe8 21. Ng3 Qf4 22. Bd2 Qf6 23. Qxg4 Qa6 24. Rfe1 Qxd3 25. Rxe8+ Rxe8 26. Rxc5 Qxd2 27. Rc8 Qe1+ 28. Nf1 h6 29. Rxe8+ Qxe8 30. Qxd4 Qb5 31. Ne3 Qc6 32. Qc3 Qg6 33. Qc8+ Kh7 34. Qf5 d4 35. Qxg6+ Kxg6 36. Nc4 Kf5 37. b4 axb3 38. axb3 Ke4 39. b4 Kd5 40. Nd2 Kc6 41. Kf1 d3 42. Nc4 Kb5 43. Nb2 d2 44. Ke2 Kxb4 45. Kxd2 Kc5 46. Nd3+ Kd4 47. Ke2 Ke4 48. f3+ Kf5 49. g4+ Kg5 50. Kf2 Kh4 51. Kg2 g5 52. Ne5 f6 53. Ng6# 1-0